000 00756 a2200229 4500
005 20260106170008.0
008 260106b |||||||| |||| 00| 0 eng d
020 _a9789772379511 (pbk)
037 _cTB
040 _aCRL
_cCRL
041 _2ARB
_aARB
084 _aO28,6:g Q6
_bCRL
100 _a Khalifa, Ali Mohammad Al-Sayed
_9821339
245 _aDirasat fi funoon al-nasr al-arbi al-qadeem
260 _aAlexandria, Egypt:
_bDarul wafa,
_c2013.
300 _a185p.
365 _b440.00
_cINR
650 _aArabic Literature
_9862330
650 _aArabic Prose
_9862331
942 _cTB
_2CC
_n0
_hO28,6:g Q6
999 _c1435445
_d1435445